000 01455cam a2200265 i 4500
999 _c58053
_d58053
001 19195178
005 20221108164513.0
008 160728s2017 mdua b 001 0 eng
020 _a9781598576023 (hardcover)X
041 _aeng
080 _a364.694 A-10
245 0 2 _aA comprehensive guide to intellectual and developmental disabilities /
_cedited by Michael L. Wehmeyer, Ivan Brown, Maire Percy, Karrie A. Shogren, and Wai Lun Alan Fung.
250 _aSecond edition.
264 1 _aBaltimore :
_bPaul H. Brookes Publishing, Co.,
_c2017.
300 _a764 pages :
_billustrations ;
_c29 cm.
653 _aКомплексное руководство по умственным отклонениям и нарушениям развития
653 _aინტელექტუალური და განვითარების შეზღუდული შესაძლებლობების სახელმძღვანელო
653 _aშეზღუდული შესაძლებლობების მქონე პირები
700 1 _aWehmeyer, Michael L.,
_eრედაქტორი
_911934
700 1 _aBrown, Ivan
_eრედაქტორი
_911935
700 1 _aPercy, Maire
_eრედაქტორი
_911936
700 1 _a Fung, Alan
_eრედაქტორი
_911937
700 1 _aShogren, Karrie A.
_eრედაქტორი
_911938
942 _2udc
_cBK